Εξισώσεις διαφορών
Αποθηκεύτηκε σε:
| Κύριος συγγραφέας: | |
|---|---|
| Μορφή: | Βιβλίο |
| Γλώσσα: | Greek |
| Δημοσίευση: |
Θεσσαλονίκη :
Εκδόσεις Ζήτη,
1998
|
| Θέματα: | |
| Ετικέτες: |
Προσθήκη ετικέτας
Δεν υπάρχουν, Καταχωρήστε ετικέτα πρώτοι!
|
MARC
| LEADER | 00000nam a2200000 i 4500 | ||
|---|---|---|---|
| 001 | 1/10077 | ||
| 008 | 000829s1998 gre d | ||
| 020 | |a 960-431-450-5 | ||
| 035 | |l 10063301 | ||
| 040 | |a GR-MY-UA |b gre |e aacr | ||
| 041 | 0 | |a gre | |
| 082 | 0 | |a 515.625 | |
| 100 | 1 | |a Κυβεντίδης, Θωμάς Α., |d 1947- | |
| 245 | 1 | 0 | |a Εξισώσεις διαφορών / |c Κυβεντίδης Θωμάς |
| 260 | |a Θεσσαλονίκη : |b Εκδόσεις Ζήτη, |c 1998 | ||
| 300 | |a 318 σ. | ||
| 650 | 0 | 0 | |a Difference equations. |
| 852 | |a INST |b CHIOS |e 20001129 |h 515.625 ΚΥΒ |p 005200017111 |q 005200017111 |t BK |y 0 | ||
| 852 | |a INST |b LESVOS |e 20000829 |h 515.625 ΚΥΒ |p 005100029389 |q 005100029389 |t BK |y 0 | ||
| 901 | |a BIBL1-2000-3 | ||
| 909 | |a Λ |b 080884 | ||
| 909 | |a Χ |b 080843 | ||
| 922 | |a 1ΕΛΗ |b 200008 |c ΤΑΚ/ΠΣΕ |d ΠΑΠΑΣΩΤΗΡΙΟΥ | ||
| 922 | |a 2ΕΛΗ |b 200008 |c ΜΟΔ |d ΠΑΠΑΣΩΤΗΡΙΟΥ | ||
| 950 | |a 187-2000-07-27 | ||
| 950 | |a 186-2000-07-24 | ||
| 970 | |a ΤΖΑΦΕΡΗ |b ΕΥΑΓΓΕΛΙΑ |z 2000/12/19 | ||